00517 2200193 4500001002100000005001500021035002000036007000300056008004100059020001800100082001000118084001600128100001600144245003400160260005600194300003500250600002800285990001000313INLIS00000000000448920191121012302 a0010-1119000116ta191121 g 1 ind  a9786022574897 a745.5 a745.5 WAT t0 aWatt, fiona1 a365 Kreasi Seru /cFiona Watt aJAKARTA :bPT Tiga Serangkai Pustaka Mandiri,c2017 a128 hlm :b.ilus ;c23 x 27 cm 4aketerampilan handicraft a5983a